Wordless World Capitals Quiz Stats

Quiz not verified by Sporcle

Challenge
Share
Tweet
Embed
Score 0/25 Timer 07:00
0 Plays Today
Wordless World Capitals % Correct
Oslo, Norway
67.4%
Tokyo, Japan
64.5%
Apia, Samoa
49.6%
Suva, Fiji
48.9%
Bern, Switzerland
45.4%
Rome, Italy
43.3%
Kiev, Ukraine
43.3%
Vaduz, Liechtenstein
41.8%
Dhaka, Bangladesh
41.1%
Dili, Timor-Leste
39.7%
Baku, Azerbaijan
38.3%
Lome, Togo
36.9%
Sanaa, Yemen
35.5%
Wordless World Capitals % Correct
Accra, Ghana
34.8%
Abuja, Nigeria
31.2%
Vilnius, Lithuania
28.4%
Yaounde, Cameroon
27%
Nuku'alofa, Tonga
25.5%
Lusaka, Zambia
25.5%
Dushanbe, Tajikistan
24.8%
Sofia, Bulgaria
24.1%
Majuro, Marshall Islands
23.4%
Sarajevo, Bosnia and Herzegovina
18.4%
San Jose, Costa Rica
16.3%
Niamey, Niger
15.6%

You're not logged in!

Compare scores with friends on all Sporcle quizzes.
Join for Free
OR
Log In

You Might Also Like...

Show Comments

Extras

Top Quizzes Today


Score Distribution

Your Account Isn't Verified!

In order to create a playlist on Sporcle, you need to verify the email address you used during registration. Go to your Sporcle Settings to finish the process.

Report this User

Report this user for behavior that violates our Community Guidelines.

Details: